Kovoví priatelia rastlín

Bibliographic Details
Main Author: Veliký, Ivan (Author)
Format: Article
Language:Slovak

MARC

LEADER 00000nab a2200000 a 4500
001 vtls011102739
003 SK-MaSNL
005 20260303150106.0
008 230222|1962 xo |||||||||||||||||slo|
015 |a SNBRB 
035 |a (uuid)2fc30a8e-6ac6-495f-83e3-025c98dd2271 
035 |a (urnnbn)urn:nbn:sk:snk:ar-a082kc 
035 |a urn:nbn:sk:snk-ab99bt 
040 |a SNKBUCL  |b slo  |c SNKBUCL  |e AACR2 
041 0 |a slo 
044 |a xo  |c SK 
100 1 |a Veliký, Ivan  |4 aut  |9 49152 
245 1 0 |a Kovoví priatelia rastlín  |c Ivan Veliký 
773 0 |t Svet vedy : populárnovedecký mesačník SAV a Čs. spoločnosti pre šírenie politických a vedeckých poznatkov  |g Roč. 9, č. 5 (1962), s. 293-298 
954 |a odborná, vedecká literatúra pôvodná (slovenská)  |2 lita 
958 |a OND 
958 |a EUIPO 
958 |a article13 
999 |c 2007644  |d 2009574